| 000 | 01739nam1a2200337 i 4500 | ||
|---|---|---|---|
| 001 | RU\NLR\bibl\563105 | ||
| 005 | 20260407080055.0 | ||
| 035 | _a(NLR Aleph) 000555212 | ||
| 090 |
_a1497571 _c1497571 |
||
| 100 | _a20041015g20039999k y0rusy50 ca | ||
| 101 | 0 | _arus | |
| 102 | _aRU | ||
| 105 | _ay ||||||||| | ||
| 200 | 1 |
_aЛесной и химический комплексы-проблемы и решения _eСб. ст. студентов и аспирантов Науч.-практ. конф. _f[Редкол.: Матвеев П.М., д.с.-х.н., проф. и др.] |
|
| 210 |
_aКрасноярск _cСибГТУ _d2003 |
||
| 215 | _d20 | ||
| 300 | _aВ надзаг.: М-во образования Рос. Федерации, ГОУ ВПО "Сиб. гос. технол. ун-т" | ||
| 463 | 0 | _1001540324 | |
| 463 | 0 | _1001540318 | |
| 463 | 0 | _1001596995 | |
| 606 | 0 |
_aХимические комплексы _jСъезды, совещания и т.п. _yРоссийская Федерация _92264927 _3RU\NLR\auth\661357800 |
|
| 606 | 0 |
_aЛесные комплексы _jСъезды, совещания и т.п. _yРоссийская Федерация _92322502 _3RU\NLR\auth\661389370 |
|
| 686 | _aУ30(2)60-434(2Р)я431 | ||
| 686 | _aУ34(2)1-434(2Р)я431 | ||
| 702 | 1 |
_4340 _8rus _7ca _aМатвеев _bП. М. _cд-р с.-х. наук _gПетр Михайлович _3RU\NLR\auth\7735824 _918820 |
|
| 712 | 0 | 2 |
_4570 _aСибирский государственный технологический университет _cКрасноярск _3RU\NLR\AUTH\884604 _9280751 |
| 801 | 0 |
_aRU _bNLR _c20041015 _gPSBO |
|
| 801 | 1 |
_aRU _bNLR _c20041015 |
|
| 852 |
_aNLR _j2004-3/15472 |
||
| 942 | _cBOOK | ||